| 000 | 00639nam a2200205 a 4500 | ||
|---|---|---|---|
| 005 | 20160105024317.0 | ||
| 008 | 140221b1984 gw abd fr|||| 00| 0 ger d | ||
| 040 |
_aCO-BoIAVH _cCO-BoIAVH |
||
| 041 | _ager | ||
| 044 | _ack | ||
| 082 | 4 |
_a598.163 _bG25d |
|
| 090 |
_aLB _b00678 |
||
| 100 | 1 | _aGast, Fernando | |
| 245 | 1 | _aDie elster (Pica pica) als biomonitor fur die belastung von nahrungsnetzen durch umweltchemikalien | |
| 260 |
_aBonn _bUniversitat des Saarlandes _c1984 |
||
| 300 |
_a206 pagĂnas: _bilustaciones, mapas, tablas; _c21 x 14 cm |
||
| 650 | 4 | _aBiogeografĂa | |
| 650 | 6 | _aAves | |
| 942 |
_cLIBRO _2ddc |
||
| 999 |
_c693 _d693 |
||